Mujer y empleo: la reforma de la salud en Argentina

Shranjeno v:
Bibliografske podrobnosti
Format: Texto
Teme:
Oznake: Označite
Brez oznak, prvi označite!

MARC

LEADER 00000 a a2200000 04500
001 10277
003
040
245 |a Mujer y empleo:   |b la reforma de la salud en Argentina  
650 |a MUJERES  
650 |a DERECHOS DE LAS MUJERES  
650 |a EMPLEO  
650 |a DERECHO DEL TRABAJO  
650 |a SERVICIOS DE SALUD  
650 |a DESARROLLO SOCIAL  
650 |a DESARROLLO ECONOMICO  
650 |a GENERO  
650 |a ARGENTINA  
773 |g número 48; páginas 7  
999 |c 23015  |d 23015